Kriminalizácia ekonomiky
Pokračovanie článku z predchádzajúceho čísla, v ktorom sa hovorí o prepojení kriminálnej a oficiálnej ekonomiky. Etika a morálka pre veľkých a malých, transnacionálne firmy a domácich živnostníkov, jednoduchého obyvateľa či veľkého manažéra.
Enregistré dans:
| Auteur principal: | |
|---|---|
| Format: | Chapitre de livre |
| Langue: | slovaque |
| Sujets: | |
| Tags: |
Pas de tags, Soyez le premier à ajouter un tag!
|
MARC
| LEADER | 00000naa a2200000 4500 | ||
|---|---|---|---|
| 001 | 0166359 | ||
| 005 | 20231208113439.1 | ||
| 041 | 0 | |a slo | |
| 044 | |a SK | ||
| 245 | 1 | 0 | |a Kriminalizácia ekonomiky |c Peter Staněk |
| 520 | |a Pokračovanie článku z predchádzajúceho čísla, v ktorom sa hovorí o prepojení kriminálnej a oficiálnej ekonomiky. Etika a morálka pre veľkých a malých, transnacionálne firmy a domácich živnostníkov, jednoduchého obyvateľa či veľkého manažéra. | ||
| 610 | 2 | 0 | |a stupne hospodárstva vývojové |
| 610 | 2 | 0 | |a spoločnosť postindustriálna |
| 610 | 2 | 0 | |a sektory hospodárske |
| 610 | 2 | 0 | |a prostredie podnikateľské |
| 610 | 2 | 0 | |a etika |
| 610 | 2 | 0 | |a morálka |
| 100 | 1 | |a Staněk, Peter | |